Science Quiz

Random Science or Biology Quiz

Parts of a Cell Quiz Stats

 Plays Quiz Updated Feb 27, 2020

Support Sporcle.
Go Orange.
Score 0/16 Timer 05:00
73 Plays Today
% Correct
Nucleus
95.1%
Mitochondrion
85.4%
Plasma Membrane
75.2%
Free Ribosome
72.8%
Golgi Apparatus
69.2%
Cytoplasm
65.7%
Rough Endoplasmic Reticulum
58.6%
Smooth Endoplasmic Reticulum
57.5%
% Correct
Nucleolus
53.1%
Lysosome
53%
Flagellum
53%
Vesicle
51.4%
Nuclear Envelope
43.7%
Microvilli
36%
Nuclear Pore
24%
Chromatin
23.2%

From the Vault

MLB All-Star Starting Pitchers (NL)

by ironsij0287

Sports 10m
All-Star or not, these guys would be intimidating to face.
Remove Ads.
Support Sporcle.
Get the best of Sporcle when you Go Orange. This ad-free experience offers more features, more stats, and more fun while also helping to support Sporcle. Thank you for becoming a member.

Show Comments

Extras

Top Quizzes Today


Score Distribution

Your Account Isn't Verified!

In order to create a playlist on Sporcle, you need to verify the email address you used during registration. Go to your Sporcle Settings to finish the process.

Report this User

Report this user for behavior that violates our Community Guidelines.

Details: